Fisica : su enseñanza /
Guardado en:
| Autor Principal: | |
|---|---|
| Formato: | Libro |
| Publicado: |
Buenos Aires :
Conicet,
1996
|
| Series: | Pro Ciencia
|
| Materias: | |
| Etiquetas: |
Agregar Etiqueta
Sin Etiquetas, Sea el primero en etiquetar este registro!
|
| LEADER | 01228nam a22002775a 4500 | ||
|---|---|---|---|
| 001 | CEM.cems009575 | ||
| 005 | 20080828111742.0 | ||
| 008 | 130507s1996##################000#0#####d | ||
| 003 | CEMS | ||
| 020 | |a 9506870101 | ||
| 082 | 0 | 4 | |a 372.853 |
| 100 | 1 | |a Maiztegui, Alberto P. | |
| 245 | 1 | 0 | |a Fisica : |b su enseñanza / |c Alberto P. Maiztegui |
| 260 | |a Buenos Aires : |b Conicet, |c 1996 | ||
| 300 | |a 290 p. | ||
| 490 | 0 | |a Pro Ciencia | |
| 500 | |a Red Federal de Formación Docente Continuaprograma de Perfeccionamiento docente | ||
| 505 | 0 | |a La enseñanza de la ciencia -- Nuestra propuesta -- Redescubriendo leyes -- Analizando una investigación compleja -- Volviendo a la hipótesis -- Temas optativos -- Objetivos -- El proceso de medición -- Incertezas experimentales -- Medición indirecta -- La importancia de las gráficas -- Gráficos | |
| 653 | |a Física | ||
| 653 | |a Física-didáctica | ||
| 653 | |a Física-ejercicios | ||
| 653 | |a Física-enseñanza | ||
| 859 | |a CEMS |b BIB. CEMS - 11 de abril |h 372.853 |i M287 |p 19395.97 |t Ej.1 |v I |3 I | ||
| 859 | |a CEMS |b BIB. CEMS - 11 de abril |h 372.853 |i M287 |p 19396.97 |t Ej.2 |v I |3 I | ||
| 859 | |a CEMS |b BIB. CEMS - 11 de abril |h 372.853 |i M287 |p 19397.97 |t Ej.3 |v I |3 I | ||
| 859 | |a CEMS |b BIB. CEMS | ||
